000 00524nam a22001817a 4500
003 OSt
005 20140310182948.0
008 130205t xxu||||| |||| 00| 0 eng d
050 _aKPM 856.A9
_b.Su12 1998
100 _aSuarez, Carlos B.
245 _aPointers in Business Law ( for CPA Reviewees ) /
_cCarlos B. Suarez
260 _aManila :
_bGIC Enterprises,
_c1998.
300 _a752 p. :
_c23 cm.
521 _aBSBA
650 _aBusiness law
_vexaminations, questions, etc.
942 _2lcc
_cBK
_kLOC
999 _c17845
_d17845